| 000 | 00606nam a22001817a 4500 | ||
|---|---|---|---|
| 003 | CEME | ||
| 005 | 20210628202849.0 | ||
| 008 | 210126b xxu||||| |||| 00| 0 eng d | ||
| 020 | _a0-07-059026-5 | ||
| 040 | _c. | ||
| 082 | _a005.7565 SCA | ||
| 100 |
_aScardina, Mark .V Chang, Ben Wang, Jinyu _962028 |
||
| 245 | _aOracle database 10g xml and sql, build and manage xml applications in java , c, c++, and pl/sql | ||
| 260 |
_aNEW YORK _bTATA MCGRAW HILL _c2004 |
||
| 300 | _aXXI,585 P | ||
| 650 |
_aORACLE DATABASE. SQL, BUILD. XML APPLICATIONS IN JAVA , C, C++. AND PL/SQL _962029 |
||
| 942 |
_cBK _2ddc |
||
| 999 |
_c571271 _d571271 |
||